| 000 | 00670cam a2200193 a 4500 | ||
|---|---|---|---|
| 020 | _a0521660238 (hbk.) | ||
| 020 | _a0521669537 (pbk.) | ||
| 082 | 0 | 0 |
_a551.22 _bSHE _cN-01, P-97 |
| 100 | 1 |
_aShearer, Peter M., _939505 |
|
| 245 | 1 | 0 |
_aIntroduction to seismology / _cPeter M. Shearer. |
| 260 |
_aCambridge ; _aNew York : _bCambridge University Press, _c1999. |
||
| 300 |
_axii, 260 p. : _bill. ; _c26 cm. |
||
| 526 |
_a0 _b0 _c0 _d551_220000000000000_SHE |
||
| 650 | 0 |
_aNUST _96342 |
|
| 650 | 0 |
_aSeismology. _936379 |
|
| 856 | 4 | 1 | _uhttp://www.loc.gov/catdir/toc/cam022/98043740.html |
| 856 | 4 | 2 | _uhttp://www.loc.gov/catdir/description/cam029/98043740.html |
| 942 |
_2ddc _cBK |
||
| 999 |
_c543985 _d543985 |
||